Elegía: obra póstuma
সংরক্ষণ করুন:
| প্রধান লেখক: | |
|---|---|
| বিন্যাস: | গ্রন্থ |
| ভাষা: | স্প্যানিশ |
| প্রকাশিত: |
Barcelona
Seix Barral
1981
|
| সংস্করন: | 2a. ed |
| মালা: | Biblioteca breve. Poesía, 418
|
| বিষয়গুলি: | |
| ট্যাগগুলো: |
ট্যাগ যুক্ত করুন
কোনো ট্যাগ নেই, প্রথমজন হিসাবে ট্যাগ করুন!
|
MARC
| LEADER | 00000nam a2200000 a 4500 | ||
|---|---|---|---|
| 001 | UCQ2230 | ||
| 003 | CL-VaPUC | ||
| 008 | 980724e19810000SP |||||||||||||||||spa|d | ||
| 082 | 0 | 4 | |a Ch861 |b NER |2 21 |
| 100 | |a Neruda, Pablo |e autor |9 306531 | ||
| 245 | 1 | 0 | |a Elegía: obra póstuma |
| 250 | |a 2a. ed | ||
| 300 | |a 125 p | ||
| 942 | |c BK | ||
| 945 | |d 19980724 00:00:00 |a lriquelm | ||
| 260 | |a Barcelona |b Seix Barral |c 1981 | ||
| 650 | 0 | |a Poesías chilenas |9 265280 | |
| 650 | 0 | |a Prosa chilena |9 267787 | |
| 650 | 0 | |a Literatura chilena |9 308278 | |
| 650 | 0 | |a Formas y géneros literarios |9 324031 | |
| 583 | |a last modification |c 19980724 00:00:00 |k Rodrigo Vera | ||
| 490 | 0 | |a Biblioteca breve. Poesía, 418 | |
| 999 | |c 273068 |d 273066 | ||
| 952 | |0 0 |1 0 |4 0 |6 CH_861_000000000000000_NER_1981 |7 0 |8 A |9 308347 |a BIBEDU |b BIBEDU |d 2019-11-20 |i 1443682 |o Ch861 NER 1981 |p 1443682 |r 2019-11-20 |w 2019-11-20 |y BK |k LIT | ||